00431nam a2200181Ia 4500008004100000020001800041050001400059100002900073245001700102245002900119260001500148260001600163260000900179300001600188300002700204300001000231500000800241170918s9999 xx 000 0 und d a9780545042499 bN333 2005 aNaylor, Phyllis Reynolds aBoys rock! / cPhyllis Reynolds Naylor. aNew York : bScholastic, c2005 a125 pages : bcolored illustration ; c19cm. a800